=LDR 00000nam 2200000 4500 =001 INLIS000000000023031 =005 20130612121727 =008 ***********************************Ind** =035 ##$$0010-061300000023031 =041 ##$$a Ind =082 ##$$a 373.4 =090 ##$$a 373.4, Far a =100 ##$$a Farley, Fay =245 ##$$a Adi menonton TV Indonesia - Inggris, Fay Farley =260 ##$$a 1999 $b Jogyakarta =300 ##$$a 16 hlm, ilus, 15 cm =650 ##$$a Menonton TV =850 ##$$a NBPNMAT